000 00720nam a2200241 a 4500
999 _c998
_d998
001 998
003 BD-JhCC
005 20171012131557.0
008 171012b1371 ii ||||| |||| 00| 0 ben d
020 _a8172932065
035 _a(BD-JhCC) 998
040 _aBD-JhCC
_dBD-JhCC
041 _aben
082 _a891.443
_bDAB 1371
100 _aদেবী, আশাপূর্ণা
245 _aপ্রথম প্রতিশ্রুতি /
_cআশাপূর্ণা দেবী
260 _aকলকাতা :
_bমিত্র ও ঘোষ পাবলিশার্স
_c1371
300 _a511 p. :
_c21 cm
650 _aBengali Novel
651 _xKolkata
942 _2ddc
_cBK